| 000 | 00664nam a2200193Ia 4500 | ||
|---|---|---|---|
| 003 | GCL | ||
| 008 | 140319s9999 xx 000 0 ara d | ||
| 040 |
_aGCL / _cGCL |
||
| 082 | 0 | 4 |
_a909 _bم ا |
| 100 | 1 | _aمرسى الاسيوطى | |
| 245 | 1 | 0 |
_aالغرب والاسلام : _bدراسة فى الاصول العقائدية والثواب الثقافية / _cمرسى الاسيوطى |
| 300 |
_a452 ص ؛ _c24 سم |
||
| 650 | 0 | 4 | _aالعقائد |
| 650 | 0 | 4 | _aالثقافة الاسلامية |
| 650 | 0 | 4 | _aالديانات المقارنة |
| 650 | 0 | 4 | _aالثقافة المسيحية |
| 650 | 0 | 4 | _aالثقافة - العولمة |
| 942 |
_2ddc _cBK |
||
| 999 |
_c5655 _d5655 |
||